Harry Potter Movie Picture Quiz - Types of Creatures - Statistics

General Stats
  • This quiz has been taken 62 times
    59 since last reset
  • The average score is 18 of 24
Answer Stats
Picture Answer % Correct
Phoenix
100%
Mountain Troll
97%
Boggart
83%
Goblin
83%
Basilisk
81%
Centaur
81%
Dementor
81%
Giant
81%
House Elf
81%
Unicorn
81%
Werewolf
81%
Hippogriff
78%
Hungarian Horntail
78%
Selkie
75%
Cornish Pixies
72%
Thestral
72%
Acromantula
69%
Three-Headed Dog
69%
Animagus
67%
Grim
67%
Norwegian Ridgeback
67%
Grindylow
50%
Common Welsh Green
47%
Ukrainian Ironbelly
36%
No matching quizzes found
Score Distribution
Percent of People with Each Score
Percentile by Number Answered
Your Score History
You have not taken this quiz since the last reset